000 01604nam a2200301Ia 4500
003 OSt
005 20210208154941.0
008 191128t2013 ck ao gr 000 0dspa d
020 _a9789588616599
040 _aCO-JMCR
_cCO-JMCR
041 0 _aspa
082 0 4 _a662.88 /
_bR822b
_223
100 1 _aRueda Zárate, Alejandra,
_eautora
_912929
245 1 0 _aBiodiésel de palma colombiano :
_bde la ficción energética a la realidad de un negocio /
_cAlejandra Rueda Zárate y Marlyn Ahumada Yanet
260 _aBogotá :
_bFedepalma,
_c©2013
300 _a229 páginas :
_bilustraciones y fotografías a color ;
_c24 cm.
500 _aIncluye notas a pie de página y datos biográficos de las autoras en solapas.
504 _aBibliografía: páginas 224-229
505 0 _aSinergias: un enfoque ganador -- El mundo del biodiésel -- Colombia entró con todo a la era de los biocombustibles -- La palma de aceite se convierte en un negocio energético -- Evidencias contundentes
520 3 _aBiodiésel de palma colombiano: De la ficción energética a la realidad de un negocio, escrito por Alejandra Rueda Zárate y Marlyn Ahumada Yanet, es justamente la historia de cómo se diseñó y se puso en marcha un engranaje.
650 1 4 _aBiodiesel de palma
_xproducción
_zColombia
_913162
650 1 4 _aIndustria de la palma africana
_zColombia
_913163
650 1 4 _aCultivo de palma africana
_zColombia
_913164
650 1 4 _aDesarrollo sostenible
_zColombia
_910195
650 1 4 _aCombustible biodiésel
_zColombia
_913165
700 1 _aAhumada Yanet, Marlyn,
_eautora
_912933
942 _2ddc
_cBK
999 _c6207
_d6207